[Event "Skalica op-B"]
[Site "Skalica"]
[Date "2023.08.19"]
[Round "1"]
[White "Visvader, Kristof"]
[Black "Dejanovic, Tereza"]
[Result "0-1"]
[WhiteElo "1598"]
[BlackElo "1863"]
[PlyCount "94"]
[EventDate "2023.08.19"]
[EventType "swiss"]
[EventRounds "9"]
[EventCountry "SVK"]
[SourceTitle "CBM 215 Extra"]
[Source "ChessBase"]
[SourceDate "2023.09.30"]
[SourceVersion "1"]
[SourceVersionDate "2023.09.30"]
[SourceQuality "1"]

1. e4 c5 2. Nf3 d6 3. d4 cxd4 4. Nxd4 Nf6 5. Nc3 a6 6. Be3 e5 7. Nb3 Be7 8. f3 Be6 9. Nd5 Nxd5 10. exd5 Bd7 11. Bd3 a5 12. c4 Na6 13. 0-0 f5 14. Nd2 0-0 15. a3 Qc7 16. Rc1 Nc5 17. Nb3 Nxd3 18. Qxd3 a4 19. Na1 Qa5 20. Qc3 Rfc8 21. Qxa5 Rxa5 22. Rc3 b5 23. Rfc1 bxc4 24. Rxc4 Rxc4 25. Rxc4 Rxd5 26. Rc7 Rd1+ 27. Kf2 Rxa1 28. Rxd7 Kf8 29. Ra7 Rb1 30. Rb7 h6 31. Ke2 Kf7 32. Bd2 Ke6 33. Bc3 Bf6 34. Rb4 d5 35. Rxa4 d4 36. Ra6+ Kd5 37. Ra5+ Kc6 38. Bb4 Rxb2+ 39. Kf1 Rc2 40. a4 d3 41. Ra6+ Kb7 42. Rd6 e4 43. fxe4 fxe4 44. a5 Bg5 45. a6+ Ka7 46. Rd7+ Kxa6 47. Rxg7 Rc1+ 0-1

[Event "Wch U20 Girls 38th"]
[Site "Cala Gonone"]
[Date "2022.10.21"]
[Round "10"]
[White "Dejanovic, Tereza"]
[Black "Mikic, Ivana"]
[Result "1-0"]
[WhiteElo "1943"]
[BlackElo "1783"]
[PlyCount "91"]
[EventDate "2022.10.12"]
[EventType "swiss"]
[EventRounds "11"]
[EventCountry "ITA"]
[SourceTitle "CBM 210 Extra"]
[Source "ChessBase"]
[SourceDate "2022.11.30"]
[SourceVersion "1"]
[SourceVersionDate "2022.11.30"]
[SourceQuality "1"]

1. e4 e5 2. Nf3 Nc6 3. Bb5 Nf6 4. 0-0 Nxe4 5. Re1 Nd6 6. Nxe5 Nxe5 7. Rxe5+ Be7 8. Bf1 0-0 9. d4 Bf6 10. Re1 Nf5 11. c3 d5 12. Bf4 Nd6 13. Bd3 g6 14. Nd2 Bg7 15. Nf3 b6 16. Qc2 Bf5 17. Ne5 Re8 18. h3 Bxd3 19. Qxd3 Ne4 20. Qf3 f6 21. Ng4 Qd7 22. h4 Rf8 23. Qh3 f5 24. Ne5 Qd8 25. Nf3 Bf6 26. Be5 Bxe5 27. dxe5 Qe7 28. Rad1 Rad8 29. Nd4 Qe8 30. f3 Nc5 31. h5 Ne6 32. hxg6 hxg6 33. Kf2 Nxd4 34. Rh1 Kf7 35. Qh7+ Ke6 36. cxd4 Rd7 37. Qh6 Re7 38. Rc1 Kd7 39. Rc3 Re6 40. b4 c6 41. Ra3 a5 42. bxa5 c5 43. axb6 cxd4 44. Ra7+ Kc6 45. Qc1+ Kb5 46. Qb2+ 1-0

[Event "CRO-chT (Women) 30th"]
[Site "Porec"]
[Date "2022.09.30"]
[Round "8.3"]
[White "Cvitan, Ena"]
[Black "Dejanovic, Tereza"]
[Result "1-0"]
[WhiteElo "2239"]
[BlackElo "1968"]
[PlyCount "91"]
[EventDate "2022.09.24"]
[EventType "team-tourn"]
[EventRounds "9"]
[EventCountry "CRO"]
[SourceTitle "CBM 210 Extra"]
[Source "ChessBase"]
[SourceDate "2022.11.30"]
[SourceVersion "1"]
[SourceVersionDate "2022.11.30"]
[SourceQuality "1"]
[WhiteTeam "Rijeka Liburnija (W)"]
[BlackTeam "Busevec Polet (W)"]
[WhiteTeamCountry "CRO"]
[BlackTeamCountry "CRO"]

1. d4 d5 2. c4 e6 3. Nc3 Nf6 4. cxd5 exd5 5. Bg5 Be7 6. e3 0-0 7. Bd3 c6 8. Nge2 Nbd7 9. 0-0 Re8 10. f3 b5 11. Rc1 Bb7 12. Bh4 Nf8 13. Bf2 a6 14. h3 g6 15. e4 Ne6 16. e5 Nh5 17. g3 c5 18. dxc5 Bxc5 19. Kg2 Bxf2 20. Rxf2 Nc5 21. b4 Nxd3 22. Qxd3 Rxe5 23. Qd4 Re7 24. Rd1 Rd7 25. a4 bxa4 26. Nxa4 Rd6 27. Nc5 Qb6 28. Nc3 Rad8 29. Re2 Ng7 30. Re7 Bc8 31. Qf4 Nf5 32. Re2 d4 33. N3e4 Rc6 34. Kh2 Ne3 35. Ng5 Rf6 36. Qh4 h5 37. Rxd4 Nf5 38. Rxd8+ Qxd8 39. Qe4 Kg7 40. Qe5 Qd4 41. Nxf7 Qxe5 42. Nxe5 Rb6 43. Ned3 Nd4 44. Re7+ Kf6 45. Rc7 Be6 46. Ne4+ 1-0

[Event "CRO-chT (Women) 29th"]
[Site "Mali Losinj"]
[Date "2021.09.29"]
[Round "5.2"]
[White "Koksa, Jelena"]
[Black "Dejanovic, Tereza"]
[Result "0-1"]
[WhiteElo "1847"]
[BlackElo "1946"]
[PlyCount "50"]
[EventDate "2021.09.25"]
[EventType "team-tourn"]
[EventRounds "9"]
[EventCountry "CRO"]
[SourceTitle "CBM 204 Extra"]
[Source "ChessBase"]
[SourceDate "2021.11.30"]
[SourceVersion "1"]
[SourceVersionDate "2021.11.30"]
[SourceQuality "1"]
[WhiteTeam "Novo Virje Konaki (W)"]
[BlackTeam "Busevec Polet (W)"]
[WhiteTeamCountry "CRO"]
[BlackTeamCountry "CRO"]

1. e4 c5 2. Nf3 d6 3. d4 cxd4 4. Nxd4 Nf6 5. Nc3 a6 6. Be2 e6 7. 0-0 Be7 8. Be3 0-0 9. f4 Qc7 10. Qe1 Nc6 11. Qg3 Rd8 12. Rad1 Nd7 13. f5 Nf6 14. Bh6 g6 15. Nxc6 bxc6 16. h4 Qa5 17. fxg6 fxg6 18. h5 Nxh5 19. Bxh5 Qxh5 20. Qf4 g5 21. Qf2 e5 22. Rxd6 Bxd6 23. Qf6 Bc5+ 24. Rf2 Bxf2+ 25. Kxf2 Qf7 0-1

[Event "CRO-ch (Women)"]
[Site "Vinkovci"]
[Date "2021.08.29"]
[Round "9"]
[White "Bevanda, Ema"]
[Black "Dejanovic, Tereza"]
[Result "1/2-1/2"]
[WhiteElo "1646"]
[BlackElo "1938"]
[PlyCount "140"]
[EventDate "2021.08.22"]
[EventType "swiss"]
[EventRounds "9"]
[EventCountry "CRO"]
[SourceTitle "CBM 204 Extra"]
[Source "ChessBase"]
[SourceDate "2021.11.30"]
[SourceVersion "1"]
[SourceVersionDate "2021.11.30"]
[SourceQuality "1"]

1. d4 d5 2. Bf4 e6 3. e3 Nf6 4. Nf3 c5 5. c3 Bd6 6. Bg3 Qc7 7. Bd3 Nbd7 8. Nbd2 0-0 9. 0-0 Bxg3 10. hxg3 e5 11. dxe5 Nxe5 12. Nxe5 Qxe5 13. Nf3 Qe7 14. Qc2 g6 15. Rfe1 c4 16. Be2 Bf5 17. Qd1 Rad8 18. Nd4 Qe5 19. Nxf5 Qxf5 20. Qd4 Ne4 21. Bf3 a6 22. Rad1 Rfe8 23. Re2 Qc8 24. Ree1 f5 25. Qb6 Qc6 26. Qb4 Nc5 27. Be2 a5 28. Qa3 b5 29. b3 Qb6 30. Qb2 Qc6 31. Rd4 Re4 32. Red1 Rxd4 33. Rxd4 Ne6 34. Rd1 Qc5 35. Qc2 Rd6 36. Qd2 Ng5 37. Qd4 Qxd4 38. Rxd4 Ne6 39. Rd2 cxb3 40. axb3 Nc7 41. c4 bxc4 42. bxc4 Kf7 43. cxd5 Nxd5 44. Bc4 Ke6 45. Ra2 Rc6 46. Bxd5+ Kxd5 47. Rxa5+ Ke4 48. Ra3 Rc1+ 49. Kh2 Rc7 50. Kh3 Rc6 51. g4 Ke5 52. Ra5+ Kf6 53. gxf5 gxf5 54. Kg3 Rb6 55. f3 Rb4 56. Rd5 Ra4 57. Rd4 Ra2 58. Rd6+ Ke5 59. Rd7 h6 60. Rb7 Ra3 61. Rb5+ Kf6 62. Kf4 Ra4+ 63. e4 fxe4 64. fxe4 Ra6 65. Rf5+ Kg6 66. Kg4 Ra4 67. Rf4 Ra5 68. Rf5 Ra4 69. Re5 Kf6 70. Kf4 Ra6 1/2-1/2

[Event "CRO-ch (Women)"]
[Site "Vinkovci"]
[Date "2021.08.24"]
[Round "4"]
[White "Dejanovic, Tereza"]
[Black "Berke, Ana"]
[Result "0-1"]
[WhiteElo "1938"]
[BlackElo "2179"]
[PlyCount "102"]
[EventDate "2021.08.22"]
[EventType "swiss"]
[EventRounds "9"]
[EventCountry "CRO"]
[SourceTitle "CBM 204 Extra"]
[Source "ChessBase"]
[SourceDate "2021.11.30"]
[SourceVersion "1"]
[SourceVersionDate "2021.11.30"]
[SourceQuality "1"]

1. e4 c5 2. c3 Nf6 3. e5 Nd5 4. d4 cxd4 5. Nf3 e6 6. cxd4 d6 7. Bc4 Bd7 8. 0-0 Bc6 9. Qe2 Be7 10. Rd1 Nd7 11. Bb5 Bxb5 12. Qxb5 Qb6 13. Qxb6 N7xb6 14. Nbd2 0-0 15. Ne4 dxe5 16. dxe5 Rac8 17. Bg5 Bxg5 18. Nfxg5 Rc2 19. b3 h6 20. Nf3 Rfc8 21. Nd4 Rb2 22. Nd6 Rc7 23. N6b5 Rc5 24. g3 Nd7 25. f4 Ne3 26. Re1 Ng4 27. Nxa7 Rxh2 28. Re2 Rxe2 29. Nxe2 Nb6 30. Nd4 Rc3 31. Kg2 Nd5 32. Nab5 Rd3 33. Nf3 Nde3+ 34. Kh3 Nf2+ 35. Kh2 Nf5 36. Kg2 Ne4 37. Rc1 Nexg3 38. Nbd4 Nxd4 39. Nxd4 Rxd4 40. Kxg3 Rd2 41. Rc8+ Kh7 42. Rc7 Kg6 43. Rxb7 Rxa2 44. Rc7 Rb2 45. Rc3 Kf5 46. Rf3 h5 47. Kh4 Rb1 48. Kg3 g6 49. Rc3 h4+ 50. Kg2 Kxf4 51. Rf3+ Kxe5 0-1

[Event "CRO-ch U19"]
[Site "Split"]
[Date "2021.07.30"]
[Round "8"]
[White "Dejanovic, Tereza"]
[Black "Nikolic, Lara"]
[Result "1-0"]
[WhiteElo "1938"]
[BlackElo "1232"]
[PlyCount "53"]
[EventDate "2021.07.25"]
[EventType "swiss"]
[EventRounds "9"]
[EventCountry "CRO"]
[SourceTitle "EXT 2022"]
[Source "ChessBase"]
[SourceDate "2021.10.06"]
[SourceVersion "1"]
[SourceVersionDate "2021.10.06"]
[SourceQuality "1"]

1. e4 d6 2. d4 Nf6 3. Nc3 Nbd7 4. f4 g6 5. Nf3 Bg7 6. Bc4 0-0 7. e5 Ne8 8. e6 fxe6 9. Bxe6+ Kh8 10. Ng5 Nef6 11. Nf7+ Rxf7 12. Bxf7 Qf8 13. Be6 Nh5 14. 0-0 Ndf6 15. Bxc8 Qxc8 16. Qf3 Ng4 17. Ne2 Qf5 18. h3 Ngf6 19. g4 Qxc2 20. gxh5 Nxh5 21. Be3 Qxb2 22. Rfb1 Qc2 23. Rxb7 Rf8 24. Rab1 Nf6 25. Rb8 Rxb8 26. Rxb8+ Ng8 27. Qd5 1-0

[Event "CRO-ch (Women) op"]
[Site "Durdevac"]
[Date "2020.09.04"]
[Round "5"]
[White "Koksa, Jelena"]
[Black "Dejanovic, Tereza"]
[Result "1-0"]
[WhiteElo "1843"]
[BlackElo "1792"]
[PlyCount "63"]
[EventDate "2020.09.01"]
[EventType "swiss"]
[EventRounds "9"]
[EventCountry "CRO"]
[SourceTitle "CBM 198 Extra"]
[Source "ChessBase"]
[SourceDate "2020.11.30"]
[SourceVersion "1"]
[SourceVersionDate "2020.11.30"]
[SourceQuality "1"]

1. e4 c5 2. Nf3 d6 3. d4 cxd4 4. Nxd4 Nf6 5. Nc3 a6 6. f3 e6 7. Be3 b5 8. Qd2 Bb7 9. g4 h6 10. h4 Nbd7 11. a3 Qc7 12. Rg1 Ne5 13. g5 hxg5 14. hxg5 Nxf3+ 15. Nxf3 Nxe4 16. Nxe4 Bxe4 17. Bg2 d5 18. 0-0-0 b4 19. a4 b3 20. Nd4 bxc2 21. Rde1 Bxg2 22. Rxg2 Qd7 23. g6 Qxa4 24. gxf7+ Kd7 25. Nxc2 Qa2 26. Bd4 Rc8 27. Qe3 Rh6 28. Bc3 Rc4 29. Kd2 a5 30. Ra1 Qb3 31. Rxa5 Re4 32. Qa7+ 1-0

[Event "CRO-ch (Women) op"]
[Site "Durdevac"]
[Date "2020.09.03"]
[Round "4"]
[White "Dejanovic, Tereza"]
[Black "Blazeka, Mihaela"]
[Result "1/2-1/2"]
[WhiteElo "1792"]
[BlackElo "2027"]
[PlyCount "84"]
[EventDate "2020.09.01"]
[EventType "swiss"]
[EventRounds "9"]
[EventCountry "CRO"]
[SourceTitle "CBM 198 Extra"]
[Source "ChessBase"]
[SourceDate "2020.11.30"]
[SourceVersion "1"]
[SourceVersionDate "2020.11.30"]
[SourceQuality "1"]

1. e4 Nc6 2. d4 d5 3. exd5 Qxd5 4. Nf3 Bg4 5. Be2 0-0-0 6. c3 e5 7. dxe5 Qxd1+ 8. Bxd1 Nxe5 9. 0-0 Nxf3+ 10. Bxf3 Bxf3 11. gxf3 Nf6 12. Nd2 Bc5 13. Nb3 Bb6 14. Be3 Nd5 15. Bd4 Bxd4 16. Nxd4 Nb6 17. Rfe1 Rhe8 18. Kf1 Na4 19. Rab1 g6 20. Re3 Rxe3 21. fxe3 c5 22. Nb3 Rd3 23. Ke2 c4 24. Nd2 b5 25. Ne4 f5 26. Nf2 Rd6 27. e4 a5 28. Rd1 Kd7 29. h4 Rxd1 30. Nxd1 fxe4 31. fxe4 Ke6 32. Ke3 Ke5 33. a3 h6 34. Nf2 h5 35. Nd1 Nc5 36. Nf2 Na4 37. Nd1 Nc5 38. Nf2 Na4 39. Nd1 Nb6 40. Nf2 Na4 41. Nd1 Nc5 42. Nf2 Na4 1/2-1/2

[Event "CRO-chT (Women) 28th"]
[Site "Mali Losinj"]
[Date "2019.10.03"]
[Round "7.34"]
[White "Ascic, Josipa"]
[Black "Dejanovic, Tereza"]
[Result "0-1"]
[WhiteElo "1692"]
[BlackElo "1854"]
[PlyCount "76"]
[EventDate "2019.09.28"]
[EventType "team-tourn"]
[EventRounds "9"]
[EventCountry "CRO"]
[SourceTitle "EXT 2020"]
[Source "ChessBase"]
[SourceDate "2019.10.17"]
[SourceVersion "1"]
[SourceVersionDate "2019.10.17"]
[SourceQuality "1"]
[WhiteTeam "Djakovo Limmont (W)"]
[BlackTeam "Busevec Polet (W)"]
[WhiteTeamCountry "CRO"]
[BlackTeamCountry "CRO"]

1. e4 c5 2. Nf3 d6 3. d4 cxd4 4. Nxd4 Nf6 5. Nc3 a6 6. Be2 e6 7. 0-0 Be7 8. Kh1 b5 9. a3 Bb7 10. Qd3 0-0 11. f4 Nbd7 12. Bf3 Nc5 13. Qe2 Qc7 14. Bd2 Rfd8 15. Rac1 Rab8 16. b4 Ncd7 17. Nb3 Nb6 18. Na5 Ba8 19. Qf2 Nfd7 20. Rfd1 Bf6 21. e5 dxe5 22. Ne4 exf4 23. Nxf6+ Nxf6 24. Bxa8 Nxa8 25. Bxf4 e5 26. Bxe5 Qxe5 27. Nc6 Rxd1+ 28. Rxd1 Qh5 29. Qd4 Re8 30. Rf1 Nc7 31. c4 bxc4 32. Qxc4 Qb5 33. Qxb5 axb5 34. Kg1 h6 35. Nd4 Ra8 36. Rc1 Nfd5 37. Nxb5 Nxb5 38. Rc5 Ndc3 0-1

[Event "CRO-chT (Women) 28th"]
[Site "Mali Losinj"]
[Date "2019.10.01"]
[Round "5.44"]
[White "Alaber, Maja"]
[Black "Dejanovic, Tereza"]
[Result "0-1"]
[WhiteElo "1494"]
[BlackElo "1854"]
[PlyCount "66"]
[EventDate "2019.09.28"]
[EventType "team-tourn"]
[EventRounds "9"]
[EventCountry "CRO"]
[SourceTitle "EXT 2020"]
[Source "ChessBase"]
[SourceDate "2019.10.17"]
[SourceVersion "1"]
[SourceVersionDate "2019.10.17"]
[SourceQuality "1"]
[WhiteTeam "Zagreb Ericsson Tesla (W)"]
[BlackTeam "Busevec Polet (W)"]
[WhiteTeamCountry "CRO"]
[BlackTeamCountry "CRO"]

1. e4 c5 2. Nc3 Nc6 3. g3 g6 4. Bg2 Bg7 5. Nge2 d6 6. 0-0 e6 7. d3 Nge7 8. Be3 0-0 9. d4 cxd4 10. Nxd4 a6 11. f4 Qb6 12. Nf5 Qxb2 13. Nxe7+ Nxe7 14. Bd4 Bxd4+ 15. Qxd4 Nc6 16. Qc4 Qxc2 17. Rf2 d5 18. exd5 exd5 19. Bxd5 Qf5 20. Bxc6 bxc6 21. Qxc6 Be6 22. Ne2 Bd5 23. Qa4 Rac8 24. Qxa6 Qe4 25. Kf1 Qh1+ 26. Ng1 Bc4+ 27. Qxc4 Rxc4 28. Rg2 Rfc8 29. a4 Rc1+ 30. Rxc1 Rxc1+ 31. Kf2 Rc2+ 32. Ne2 Rxe2+ 33. Kxe2 Qxg2+ 0-1